Hollywood kids : child stars of the silver screen from 1903 to the present /

Bibliographic Details
Main Author: Aylesworth, Thomas G.
Format: Book
Language:English
Published: New York : Dutton, [1987]
Edition:1st ed.
Subjects:

MARC

Tag First Indicator Second Indicator Subfields
LEADER 00000cam a2200000 a 4500
001 in00000008384
005 20151003050041.0
008 870820s1987 nyuac b 00110ceng d
020 |a 0525245626 :  |c $19.95 
035 |a (OCoLC)16514536 
035 |9 AAA0771AM 
040 |a SGR  |c SGR  |d DPL  |d OHI  |d TXA  |d UtOrBLW 
043 |a n-us--- 
050 4 |a PN1998.A2  |b A94 1987 
100 1 |a Aylesworth, Thomas G. 
245 1 0 |a Hollywood kids :  |b child stars of the silver screen from 1903 to the present /  |c Thomas G. Aylesworth. 
250 |a 1st ed. 
264 1 |a New York :  |b Dutton,  |c [1987] 
264 4 |c ©1987 
300 |a 288 pages :  |b illustrations (some color), portraits ;  |c 29 cm. 
336 |a text  |b txt  |2 rdacontent 
337 |a unmediated  |b n  |2 rdamedia 
338 |a volume  |b nc  |2 rdacarrier 
504 |a "Selected filmography": pages 273-279. 
500 |a Includes index. 
650 0 |a Motion picture actors and actresses  |z United States  |v Biography. 
650 0 |a Motion pictures  |z United States  |x History. 
650 0 |a Children in motion pictures. 
999 |a MARS 
999 f f |s 3ed3cfc5-5bd6-348a-93a3-fea0e4daa2dc  |i 0ff7851e-69c0-3ae5-b3e5-6130d50953fb  |t 0 
952 f f |p ric  |a Texas A&M University  |b Rellis Campus  |c Joint Library Facility  |d Remote Storage  |t 0  |e PN1998.A2 A94 1987  |h Library of Congress classification  |i unmediated -- volume  |m A14812613167 
998 f f |a PN1998.A2 A94 1987  |t 0  |l Remote Storage